[Event "Plzen A2 12th"]
[Site "Plzen"]
[Date "2024.02.18"]
[Round "2"]
[White "Van der Hagen, Loek"]
[Black "Babula, Milan"]
[Result "1/2-1/2"]
[WhiteElo "2382"]
[BlackElo "2103"]
[PlyCount "170"]
[EventDate "2024.02.17"]
[EventType "tourn"]
[EventRounds "9"]
[EventCountry "CZE"]
[EventCategory "1"]
[SourceTitle "CB09_2024"]
[SourceDate "2024.02.28"]
[SourceVersion "1"]
[SourceVersionDate "2024.02.28"]
[SourceQuality "1"]

1. e4 e6 2. d4 d5 3. Nd2 a6 4. Ngf3 Nf6 5. e5 Nfd7 6. c3 c5 7. Bd3 Nc6 8. 0-0 b5 9. Bc2 Be7 10. Re1 c4 11. Nf1 Nb6 12. Ng3 h5 13. h3 a5 14. Nh2 g6 15. Ne2 Kd7 16. Nf1 Kc7 17. Ne3 Bd7 18. f4 Qg8 19. Bd2 Qg7 20. Kh1 f5 21. exf6 Bxf6 22. Ng1 g5 23. fxg5 Bxg5 24. Nf3 Be7 25. Nf1 Raf8 26. Qe2 Bd6 27. Be3 Nc8 28. Bg1 N8e7 29. Bh2 Bxh2 30. Kxh2 Ng6 31. Bxg6 Qxg6 32. Ne5 Qf6 33. Nxc6 Kxc6 34. Nd2 Qf4+ 35. Kg1 h4 36. Nf3 Kb7 37. Qe5 Rhg8 38. Qxf4 Rxf4 39. Kf2 Kc7 40. Re5 Rh8 41. Rae1 b4 42. g3 hxg3+ 43. Kxg3 Rf6 44. Ng5 Kd6 45. h4 Rhh6 46. Nh3 Be8 47. Nf4 Bf7 48. Kg4 Bg8 49. Kg5 Bh7 50. h5 Be4 51. R1xe4 dxe4 52. Ng6 Rhxg6+ 53. hxg6 Rf2 54. g7 Ke7 55. g8Q Rg2+ 56. Kf4 Rxg8 57. Rxa5 Rg2 58. cxb4 Rxb2 59. a3 Re2 60. Rc5 Ra2 61. Rxc4 Rxa3 62. Kxe4 Rb3 63. Rc7+ Kd6 64. Rb7 Kc6 65. Rb8 Kc7 66. Rb5 Kc6 67. Rc5+ Kb6 68. Re5 Rxb4 69. Rxe6+ Kc7 70. Ke5 Rb1 71. Re7+ Kd8 72. Rh7 Rb5+ 73. d5 Rb6 74. Rf7 Rh6 75. Ra7 Rg6 76. Ra4 Kd7 77. Rh4 Rg5+ 78. Kd4 Rg6 79. Kc5 Rf6 80. Rh5 Rg6 81. d6 Rg1 82. Rh7+ Kd8 83. Rh5 Kd7 84. Rh7+ Kd8 85. d7 Rg6 1/2-1/2

[Event "Titled Tuesday intern op 04th Jul Early"]
[Site "Chess.com INT"]
[Date "2023.07.04"]
[Round "2"]
[White "Ashraf, Artin"]
[Black "Van der Hagen, Loek"]
[Result "1-0"]
[WhiteElo "2309"]
[BlackElo "2269"]
[PlyCount "69"]
[EventDate "2023.07.04"]
[EventType "swiss (blitz)"]
[EventRounds "11"]
[EventCountry "USA"]
[SourceTitle "EXT 2024"]
[Source "ChessBase"]
[SourceDate "2023.10.10"]
[SourceVersion "1"]
[SourceVersionDate "2023.10.10"]
[SourceQuality "1"]

1. e4 g6 2. Nf3 Bg7 3. d4 d6 4. c3 Nf6 5. Nbd2 0-0 6. Bd3 e5 7. 0-0 c6 8. Re1 Re8 9. b3 Bg4 10. Bb2 a5 11. a4 Nbd7 12. h3 Bxf3 13. Nxf3 Qc7 14. Qc2 Nf8 15. dxe5 dxe5 16. Bc4 Ne6 17. Ba3 Nf4 18. Ng5 h6 19. Nf3 Rad8 20. Kh2 Nd7 21. g3 Ne6 22. h4 g5 23. hxg5 Nxg5 24. Nh4 Nf6 25. Bc1 Bf8 26. Nf5 Kh7 27. Kg2 Kg6 28. Rh1 Rd7 29. Bxg5 hxg5 30. Qe2 Red8 31. Rh8 Rd2 32. Rah1 g4 33. R8h6+ Bxh6 34. Rxh6+ Kg5 35. Qe3# 1-0

[Event "Hilversum op"]
[Site "Hilversum"]
[Date "2023.06.23"]
[Round "2"]
[White "Cornelisse, Sam"]
[Black "Van der Hagen, Loek"]
[Result "1-0"]
[WhiteElo "2079"]
[BlackElo "2285"]
[PlyCount "57"]
[EventDate "2023.06.23"]
[EventType "swiss"]
[EventRounds "6"]
[EventCountry "NED"]
[SourceTitle "CBM 214 Extra"]
[Source "ChessBase"]
[SourceDate "2023.07.31"]
[SourceVersion "1"]
[SourceVersionDate "2023.07.31"]
[SourceQuality "1"]

1. d4 Nf6 2. c4 g6 3. Nc3 d5 4. Nf3 Bg7 5. h4 c6 6. cxd5 cxd5 7. Bf4 Nc6 8. e3 Bg4 9. Be2 Qa5 10. Qb3 Qb4 11. 0-0 Qxb3 12. axb3 0-0 13. Rfc1 Rfc8 14. Ra4 a6 15. b4 Na7 16. Rca1 Bd7 17. R4a3 e6 18. Bxa6 bxa6 19. Rxa6 Rc4 20. b5 Re8 21. Rxa7 Rb4 22. Ne5 Bc8 23. Nd3 Rb3 24. R1a3 Rxa3 25. bxa3 Nd7 26. Bc7 Bf6 27. b6 Bd8 28. Bxd8 Rxd8 29. b7 1-0

[Event "Helmond Rapid op"]
[Site "Helmond"]
[Date "2023.06.10"]
[Round "8"]
[White "Hendriks, Tobias"]
[Black "Van der Hagen, Loek"]
[Result "1/2-1/2"]
[WhiteElo "2096"]
[BlackElo "2285"]
[PlyCount "88"]
[EventDate "2023.06.10"]
[EventType "swiss (rapid)"]
[EventRounds "9"]
[EventCountry "NED"]
[SourceTitle "CBM 214 Extra"]
[Source "ChessBase"]
[SourceDate "2023.07.31"]
[SourceVersion "1"]
[SourceVersionDate "2023.07.31"]
[SourceQuality "1"]

1. e4 c5 2. Nf3 d6 3. d4 cxd4 4. Nxd4 Nf6 5. Nc3 Nc6 6. Be2 e5 7. Nf3 h6 8. 0-0 Be7 9. h3 0-0 10. Bc4 a6 11. a4 Qc7 12. Ba2 Nb4 13. Bb3 Rd8 14. Be3 b6 15. Nd5 Nbxd5 16. exd5 Nd7 17. c4 f5 18. Ne1 f4 19. Bd2 Rf8 20. Ra3 e4 21. Qe2 Nc5 22. Bc2 f3 23. gxf3 Bxh3 24. Ng2 Rxf3 25. Rxf3 exf3 26. Qxf3 Qd7 27. Qg3 Bf5 28. Bxh6 Bf6 29. Bxf5 Qxf5 30. Ne3 Qh7 31. Bf4 Ne4 32. Qg4 Re8 33. Kg2 Kf8 34. f3 Nd2 35. Rh1 Qd3 36. Rh8+ Kf7 37. Rxe8 Kxe8 38. Qe6+ Be7 39. Qc8+ Kf7 40. Qe6+ Ke8 41. Qc8+ Kf7 42. Qe6+ Ke8 43. Qc8+ Kf7 44. Qe6+ Kf8 1/2-1/2

[Event "Helmond Rapid op"]
[Site "Helmond"]
[Date "2023.06.10"]
[Round "5"]
[White "Van der Hagen, Loek"]
[Black "Verhoeven, Robin"]
[Result "0-1"]
[WhiteElo "2285"]
[BlackElo "1992"]
[PlyCount "84"]
[EventDate "2023.06.10"]
[EventType "swiss (rapid)"]
[EventRounds "9"]
[EventCountry "NED"]
[SourceTitle "CBM 214 Extra"]
[Source "ChessBase"]
[SourceDate "2023.07.31"]
[SourceVersion "1"]
[SourceVersionDate "2023.07.31"]
[SourceQuality "1"]

1. d4 Nf6 2. c4 e6 3. Nc3 Bb4 4. a3 Bxc3+ 5. bxc3 c5 6. f3 0-0 7. e4 Nc6 8. Bd3 e5 9. Ne2 b6 10. 0-0 Ba6 11. Bg5 h6 12. Bh4 g5 13. Bf2 d6 14. Ng3 Ne7 15. Qd2 Rc8 16. Rac1 Qd7 17. h4 Nh7 18. Be3 f6 19. hxg5 hxg5 20. a4 Rf7 21. Kf2 Nf8 22. Nh5 Nfg6 23. g3 Rcf8 24. d5 Rh7 25. Rh1 g4 26. f4 f5 27. Kg2 fxe4 28. Bxe4 Bxc4 29. fxe5 dxe5 30. d6 Nf5 31. Bg5 Ngh4+ 32. Rxh4 Nxh4+ 33. gxh4 Rxh5 34. Bd5+ Bxd5+ 35. Qxd5+ Qf7 36. Qxf7+ Rxf7 37. Rd1 Rd7 38. Kg3 Kf7 39. Kxg4 Rh8 40. Kf5 Re8 41. Be7 Rexe7 42. dxe7 Rxd1 0-1

[Event "Groningen op 58th"]
[Site "Groningen"]
[Date "2022.12.24"]
[Round "4"]
[White "Van der Hagen, Loek"]
[Black "Grutter, Tim"]
[Result "1/2-1/2"]
[WhiteElo "2145"]
[BlackElo "2363"]
[PlyCount "91"]
[EventDate "2022.12.21"]
[EventType "swiss"]
[EventRounds "9"]
[EventCountry "NED"]
[SourceTitle "CBM 211 Extra"]
[Source "ChessBase"]
[SourceDate "2023.01.31"]
[SourceVersion "1"]
[SourceVersionDate "2023.01.31"]
[SourceQuality "1"]

1. d4 Nf6 2. c4 g6 3. Nc3 Bg7 4. e4 d6 5. h3 e5 6. d5 a5 7. Be3 Na6 8. g4 h5 9. g5 Nd7 10. a3 Nac5 11. Nf3 0-0 12. Be2 a4 13. Nd2 f5 14. gxf6 Qxf6 15. Qc2 Kh7 16. 0-0-0 Rf7 17. Rdg1 Bh6 18. Qd1 b6 19. Kb1 Nb3 20. Nxb3 axb3 21. Bxh5 Rg7 22. Bg4 Nc5 23. Qe2 Bf4 24. h4 Bxg4 25. Rxg4 Rf8 26. Bxf4 exf4 27. Rhg1 f3 28. Qe3 Nd7 29. Rg5 Qf4 30. Qe1 Ne5 31. h5 Rf6 32. hxg6+ Rfxg6 33. Rxg6 Rxg6 34. Rxg6 Kxg6 35. Qg1+ Qg5 36. Qh1 Nxc4 37. e5 Qxe5 38. Qg1+ Qg5 39. Qe1 Qf5+ 40. Ka1 Qe5 41. Qd1 Qf5 42. Qxb3 Ne5 43. Qa4 Qg5 44. Qe8+ Kh7 45. Ka2 Qh4 46. Qc8 1/2-1/2

[Event "Vlissingen HZ op 24th"]
[Site "Vlissingen"]
[Date "2022.08.06"]
[Round "1"]
[White "Van der Hagen, Loek"]
[Black "De Meester, Johan"]
[Result "1-0"]
[WhiteElo "2135"]
[BlackElo "1742"]
[PlyCount "69"]
[EventDate "2022.08.06"]
[EventType "swiss"]
[EventRounds "9"]
[EventCountry "NED"]
[SourceTitle "CBM 209 Extra"]
[Source "ChessBase"]
[SourceDate "2022.09.30"]
[SourceVersion "1"]
[SourceVersionDate "2022.09.30"]
[SourceQuality "1"]

1. e4 d5 2. exd5 Qxd5 3. d4 c6 4. Nc3 Qa5 5. Nf3 Bg4 6. h3 Bxf3 7. Qxf3 e6 8. Be2 Nf6 9. 0-0 Bd6 10. Ne4 Nxe4 11. Qxe4 Nd7 12. Bf3 Nf6 13. Qe2 0-0 14. Rd1 Rad8 15. a3 Rfe8 16. Bd2 Qc7 17. Bg5 Be7 18. c4 h6 19. Be3 Bd6 20. g3 a6 21. Qc2 e5 22. c5 Bf8 23. dxe5 Qxe5 24. b4 Nd5 25. Bxd5 Rxd5 26. Rxd5 Qxa1+ 27. Rd1 Qxa3 28. Qc4 a5 29. bxa5 Rxe3 30. fxe3 Qxe3+ 31. Kg2 Bxc5 32. Rf1 Qd2+ 33. Kh1 Qd5+ 34. Qxd5 cxd5 35. Rb1 1-0

[Event "NED-ch U16"]
[Site "Almelo"]
[Date "2022.05.03"]
[Round "3"]
[White "Labruyere, Roger"]
[Black "Van der Hagen, Loek"]
[Result "0-1"]
[WhiteElo "2199"]
[BlackElo "2071"]
[PlyCount "66"]
[EventDate "2022.05.01"]
[EventType "swiss"]
[EventRounds "9"]
[EventCountry "NED"]
[SourceTitle "EXT 2023"]
[Source "ChessBase"]
[SourceDate "2022.10.05"]
[SourceVersion "1"]
[SourceVersionDate "2022.10.05"]
[SourceQuality "1"]

1. e4 e6 2. d4 d5 3. Nd2 c5 4. Ngf3 cxd4 5. Nxd4 Nc6 6. Nxc6 bxc6 7. Bd3 Bd6 8. 0-0 Qc7 9. Kh1 Ne7 10. Nb3 Ng6 11. c4 0-0 12. cxd5 cxd5 13. exd5 e5 14. Bd2 f5 15. Rc1 Qe7 16. f4 Nxf4 17. Bxf4 exf4 18. Re1 Qh4 19. Nd4 Rb8 20. Qe2 Bd7 21. Nf3 Qh6 22. a3 Rfe8 23. Qf2 Re3 24. Bf1 Rbe8 25. h3 Qf6 26. Qd2 g5 27. Re2 g4 28. Nd4 Qe5 29. Rce1 Kf7 30. Nc2 Bb5 31. g3 Bxe2 32. Nxe3 Bf3+ 33. Kg1 fxe3 0-1

[Event "Benidorm op-A"]
[Site "Benidorm"]
[Date "2021.12.12"]
[Round "9"]
[White "Srinath, Rao SV"]
[Black "Van der Hagen, Loek"]
[Result "1-0"]
[WhiteElo "2356"]
[BlackElo "2051"]
[PlyCount "61"]
[EventDate "2021.12.04"]
[EventType "swiss"]
[EventRounds "9"]
[EventCountry "ESP"]
[SourceTitle "CBM 205 Extra"]
[Source "ChessBase"]
[SourceDate "2022.01.31"]
[SourceVersion "1"]
[SourceVersionDate "2022.01.31"]
[SourceQuality "1"]

1. d4 Nf6 2. Bf4 d6 3. Nc3 Nbd7 4. Nf3 c5 5. e3 Nh5 6. Qd2 Nxf4 7. exf4 cxd4 8. Nxd4 g6 9. Be2 Bg7 10. 0-0-0 Nc5 11. h4 Ne6 12. Nb3 h5 13. Kb1 Bd7 14. Rhe1 Rc8 15. Nd5 Bh6 16. Qb4 Bc6 17. f5 gxf5 18. Bxh5 Kf8 19. Bf3 Bg7 20. h5 Be5 21. g4 a5 22. Nxa5 Ra8 23. Nxc6 bxc6 24. Nb6 Ra6 25. Rxe5 Rxb6 26. Qc3 Rg8 27. Rxf5 Qb8 28. h6 Ng5 29. Rxg5 Rxg5 30. h7 Rxb2+ 31. Qxb2 1-0